Mobile communications engineering : (Record no. 30581)

MARC details
000 -LEADER
fixed length control field 01528nam a22003137a 4500
005 - DATE AND TIME OF LATEST TRANSACTION
control field 20090922154155.0
008 - FIXED-LENGTH DATA ELEMENTS--GENERAL INFORMATION
fixed length control field 970716s1998 nyua | b 001 0 eng
010 ## - LCCN (DPL NO)
LC control number B-357617
020 ## - INTERNATIONAL STANDARD BOOK NUMBER
Terms of availability 450.00
035 ## - SYSTEM CONTROL NUMBER
System control number B-357617
037 ## - SOURCE OF ACQUISITION
Source of stock number/acquisition UBH
040 ## - CATALOGING SOURCE
Original cataloging agency DPL
Language of cataloging EN
082 ## - DEWEY DECIMAL CLASSIFICATION NUMBER
Classification number 621.3845
100 ## - MAIN ENTRY--PERSONAL NAME
Personal name Lee, William C. Y.
245 ## - TITLE STATEMENT
Title Mobile communications engineering :
Remainder of title theory and applications /
Statement of responsibility, etc by William C.Y. Lee.
250 ## - EDITION STATEMENT
Edition statement 2nd ed.
260 ## - PUBLICATION, DISTRIBUTION, ETC. (IMPRINT)
Place of publication, distribution, etc New Delhi
Name of publisher, distributor, etc Tata McGraw-Hill Publishing
Date of publication, distribution, etc 2008(repr.)
270 ## - ADDRESS
Address 7, west Patel Nagar
City New Delhi
Postal code 110008
300 ## - PHYSICAL DESCRIPTION
Extent xxii, 689 p. :
Other physical details ill.
Dimensions 25 cm. (pbk)
500 ## - GENERAL NOTE
General note Includes bibliographical references and index.
650 ## - SUBJECT ADDED ENTRY--TOPICAL TERM
Topical term or geographic name as entry element Mobile communication systems.
856 ## - ELECTRONIC LOCATION AND ACCESS
Materials specified Contributor biographical information
Uniform Resource Identifier <a href="http://www.loc.gov/catdir/bios/mh041/97030668.html">http://www.loc.gov/catdir/bios/mh041/97030668.html</a>
856 ## - ELECTRONIC LOCATION AND ACCESS
Materials specified Publisher description
Uniform Resource Identifier <a href="http://www.loc.gov/catdir/description/mh023/97030668.html">http://www.loc.gov/catdir/description/mh023/97030668.html</a>
856 ## - ELECTRONIC LOCATION AND ACCESS
Materials specified Table of contents
Uniform Resource Identifier <a href="http://www.loc.gov/catdir/toc/mh022/97030668.html">http://www.loc.gov/catdir/toc/mh022/97030668.html</a>
942 ## - ADDED ENTRY ELEMENTS (KOHA)
Source of classification or shelving scheme Dewey Decimal Classification
Item type English Books
Classification part 621.3845
Call number suffix LEE
Holdings
Withdrawn status Lost status Source of classification or shelving scheme Damaged status Not for loan Collection code Home library Current library Date acquired Source of acquisition Cost, normal purchase price Total Checkouts Total Renewals Full call number Barcode Date last seen Copy number Cost, replacement price Koha item type
    Dewey Decimal Classification     Non-fiction Janak Puri Janak Puri 22/09/2009 UBH/095/8.9.09/94/4.9.09/11.9.09 450.00 20 2 621.3845 LEE B-357617 11/09/2025 1 450.00 English Books

© Delhi Public Library
Hit Counter
free hit counter